Statistics for History of Morocco

Click here to take the quiz!

General Stats

  • This quiz has been taken 136 times
  • The average score is 12 of 20

Answer Stats

QuestionAnswer% Correct
Which European countries used to control different parts of Morocco?Spain
98%
Which European countries used to control different parts of Morocco?France
95%
What city is also the name of a classical WWII-Hollywood movie?Casablanca
91%
From what Moroccan city did the felt headdress, that was popularized
during the Ottoman era, receive its name?
Fez
88%
What city was replaced as the national capital of the country in 1912?Rabat
79%
What territory did Morocco invade in 1975?Western Sahara
71%
Morocco became the first country recognize the independence of what country in 1777?United States
71%
What city served as the capital of the former Saadi dynasty?Marrakesh
71%
What union did Morocco withdrew from in 1984 over the above but rejoined in 2017?African Union
70%
Which Moroccan city used to have an international zone from 1924 to 1956?Tangier
65%
What people revolted against the above in the 7th century - thus bringing end to their rule?Berbers
65%
What term was historically used to refer to Muslims that lived in North Africa?Moors
63%
Before 1950's, Morocco was home to about 265,000 of these people.
Now there are only 2,250 of them. Who are they?
Jews
60%
What name was given to the Roman province in Morocco?
(hint: namesake of a modern-day African country)
{Mauretania} Tingitana
59%
Who became the king of Morocco after the death of Hassan II in 1999?Mohammad VI
55%
The current ruling dynasty of Alaouite of Morocco are second oldest in the world.
The dynasty of which country is even older than that of Morocco's?
Japan
38%
Morocco was under the rule of what caliphate by the end of the 6th century?{Umayyad} Caliphate
37%
What iconic French singer was partly from Moroccan descent from her father's side?Édith Piaf
36%
Which of the Roman emperors conquered northern parts of Morocco in about 44 AD?Claudius
22%
What was the name of the border conflict with Algeria in the 1960's?{Sand} War
14%

Score Distribution

Percentile by Number Answered

Percent of People with Each Score

Your Score History

You have not taken this quiz